[Event "Pombal op 11th"]
[Site "Pombal"]
[Date "2020.10.03"]
[Round "1"]
[White "Pintor, Simao Maciel Abranc"]
[Black "Lages, Duarte"]
[Result "1-0"]
[WhiteElo "2115"]
[BlackElo "1486"]
[PlyCount "75"]
[EventDate "2020.10.02"]
[EventType "swiss"]
[EventRounds "7"]
[EventCountry "POR"]
[SourceTitle "CBM 198 Extra"]
[Source "ChessBase"]
[SourceDate "2020.11.30"]
[SourceVersion "1"]
[SourceVersionDate "2020.11.30"]
[SourceQuality "1"]

1. Nf3 Nf6 2. g3 g6 3. b3 Bg7 4. Bb2 0-0 5. Bg2 d5 6. c4 c6 7. 0-0 Nbd7 8. d4 Ne4 9. Nfd2 Nxd2 10. Nxd2 Nf6 11. Qc1 Bh6 12. Qc2 Bf5 13. e4 dxe4 14. Nxe4 Nxe4 15. Bxe4 Bh3 16. Rfe1 Qc7 17. d5 cxd5 18. Qc3 d4 19. Qxd4 f6 20. Qd5+ e6 21. Qxb7 Rac8 22. Rad1 Rf7 23. Qxc7 Rcxc7 24. Rd8+ Bf8 25. Red1 Kg7 26. Bg2 Bg4 27. f3 Bf5 28. g4 Bc2 29. Rc1 Be7 30. Rd2 Bc5+ 31. Kf1 Be3 32. Rcxc2 Bxd2 33. Rxd2 Rfd7 34. Ke2 Rxd2+ 35. Kxd2 e5 36. f4 Rd7+ 37. Bd5 exf4 38. g5 1-0

[Event "Lisbon Portugal op"]
[Site "Lisbon"]
[Date "2017.02.05"]
[Round "4"]
[White "Candeias, Humberto"]
[Black "Lages, Duarte"]
[Result "1-0"]
[WhiteElo "1979"]
[BlackElo "1573"]
[PlyCount "73"]
[EventDate "2017.02.04"]
[EventType "swiss"]
[EventRounds "9"]
[EventCountry "POR"]
[SourceTitle "CBM 176 Extra"]
[Source "ChessBase"]
[SourceDate "2017.03.02"]
[SourceVersion "1"]
[SourceVersionDate "2017.03.02"]
[SourceQuality "1"]

1. e4 c5 2. Nc3 Nc6 3. g3 g6 4. Bg2 Bg7 5. d3 e6 6. Be3 Nd4 7. Nce2 d6 8. c3 Nxe2 9. Nxe2 b5 10. d4 Qc7 11. 0-0 Rb8 12. Qd2 Ne7 13. Bh6 0-0 14. Bxg7 Kxg7 15. f4 f5 16. e5 Rd8 17. Rad1 a5 18. Kh1 Ba6 19. Rfe1 Bb7 20. Ng1 Bxg2+ 21. Qxg2 cxd4 22. cxd4 dxe5 23. Rxe5 Kf7 24. Nf3 Nc6 25. Ng5+ Kg8 26. Nxe6 Qb6 27. Nxd8 Nxe5 28. Qd5+ Kf8 29. Ne6+ Ke7 30. Qxe5 Qd6 31. d5 Rc8 32. Qg7+ Ke8 33. Qg8+ Kd7 34. Qxh7+ Qe7 35. Qxe7+ Kxe7 36. Nd4 Rc5 37. Nc6+ 1-0

[Event "Portugal op"]
[Site "Oeiras"]
[Date "2015.09.03"]
[Round "7"]
[White "Ferreira, Paulo"]
[Black "Lages, Duarte"]
[Result "1-0"]
[WhiteElo "2040"]
[BlackElo "1725"]
[PlyCount "55"]
[EventDate "2015.08.30"]
[EventType "swiss"]
[EventRounds "9"]
[EventCountry "POR"]
[SourceTitle "EXT 2016"]
[Source "ChessBase"]
[SourceDate "2015.10.08"]
[SourceVersion "1"]
[SourceVersionDate "2015.10.08"]
[SourceQuality "1"]

1. d4 Nf6 2. c4 e5 3. dxe5 Ng4 4. e4 Nxe5 5. f4 Ng6 6. Nf3 Nc6 7. h4 Bb4+ 8. Nc3 d6 9. h5 Nge7 10. f5 Bd7 11. Bd2 Ne5 12. a3 Bc5 13. Bf4 Ng4 14. Nd4 Nf6 15. Be2 Nc6 16. Nb3 Bb6 17. h6 g6 18. Bg5 Ne7 19. Bxf6 Rg8 20. Nd5 gxf5 21. Bxe7 Qc8 22. Bh4 Rxg2 23. Nf6+ Kf8 24. Nxh7+ Kg8 25. Nf6+ Kh8 26. c5 Rxe2+ 27. Qxe2 Ba4 28. Qg2 1-0

[Event "Portugal op"]
[Site "Oeiras"]
[Date "2015.09.02"]
[Round "6"]
[White "Lages, Duarte"]
[Black "Reis, Catarina Lagoa Beir"]
[Result "1-0"]
[WhiteElo "1725"]
[BlackElo "1292"]
[PlyCount "48"]
[EventDate "2015.08.30"]
[EventType "swiss"]
[EventRounds "9"]
[EventCountry "POR"]
[SourceTitle "EXT 2016"]
[Source "ChessBase"]
[SourceDate "2015.10.08"]
[SourceVersion "1"]
[SourceVersionDate "2015.10.08"]
[SourceQuality "1"]

1. d4 Nf6 2. c4 e6 3. Nf3 d5 4. cxd5 Nxd5 5. e4 Nb6 6. Nc3 c6 7. Be3 Be7 8. Qc2 0-0 9. Bd3 Re8 10. 0-0 N8d7 11. Rfd1 Nf8 12. d5 exd5 13. exd5 cxd5 14. Bb5 Bd7 15. Nxd5 Nxd5 16. Rxd5 Bxb5 17. Rxd8 Rexd8 18. Qe4 Rd7 19. Qf5 a6 20. Ne5 f6 21. Nxd7 Bxd7 22. Qe4 Bd6 23. Qd5+ Be6 24. Qxd6 Kf7 1-0

[Event "Lisbon Check Mate op 3rd"]
[Site "Lisbon"]
[Date "2015.08.08"]
[Round "1"]
[White "Lages, Duarte"]
[Black "Guerreiro, Nuno M"]
[Result "0-1"]
[WhiteElo "1725"]
[BlackElo "2106"]
[PlyCount "36"]
[EventDate "2015.08.08"]
[EventType "swiss"]
[EventRounds "7"]
[EventCountry "POR"]
[SourceTitle "EXT 2017"]
[Source "ChessBase"]
[SourceDate "2016.10.25"]
[SourceVersion "1"]
[SourceVersionDate "2016.10.25"]
[SourceQuality "1"]

1. d4 d5 2. Nf3 Nc6 3. e3 Bg4 4. c4 e5 5. dxe5 dxc4 6. Qc2 Bxf3 7. gxf3 Nxe5 8. Qe4 Bd6 9. f4 Nf6 10. Qxb7 Rb8 11. Qg2 Nd3+ 12. Bxd3 cxd3 13. 0-0 h5 14. Kh1 Rh6 15. f5 Ng4 16. Qe4+ Kf8 17. f3 Qh4 18. fxg4 Qxh2# 0-1

[Event "POR-ch prel"]
[Site "Lisbon"]
[Date "2015.03.12"]
[Round "7"]
[White "Oliveira, Luis Manuel Farinha"]
[Black "Lages, Duarte"]
[Result "1-0"]
[WhiteElo "1656"]
[BlackElo "1820"]
[PlyCount "69"]
[EventDate "2015.03.08"]
[EventType "swiss"]
[EventRounds "9"]
[EventCountry "POR"]
[SourceTitle "EXT 2018"]
[Source "ChessBase"]
[SourceDate "2017.10.13"]
[SourceVersion "1"]
[SourceVersionDate "2017.10.13"]
[SourceQuality "1"]

1. e4 Nf6 2. e5 Nd5 3. d4 d6 4. c4 Nb6 5. exd6 cxd6 6. Nc3 g6 7. Be3 Bg7 8. Qd2 0-0 9. Bd3 Nc6 10. Nge2 Nb4 11. b3 Nxd3+ 12. Qxd3 Bf5 13. Qd2 Re8 14. Ng3 Bg4 15. h3 Bd7 16. 0-0 a5 17. f4 a4 18. f5 axb3 19. axb3 Rxa1 20. Rxa1 Qc8 21. fxg6 hxg6 22. Rf1 Qc7 23. Qf2 Rf8 24. h4 Bg4 25. h5 Nd7 26. Nd5 Qd8 27. h6 Bh8 28. Qf4 Be6 29. h7+ Kxh7 30. Qh4+ Kg8 31. Nxe7+ Qxe7 32. Qxe7 Bf6 33. Rxf6 Nxf6 34. Qxf6 d5 35. Bh6 1-0

[Event "POR-ch prel"]
[Site "Lisbon"]
[Date "2015.03.09"]
[Round "3"]
[White "Lages, Duarte"]
[Black "Morais, Vitor Mestre"]
[Result "0-1"]
[WhiteElo "1820"]
[BlackElo "1969"]
[PlyCount "54"]
[EventDate "2015.03.08"]
[EventType "swiss"]
[EventRounds "9"]
[EventCountry "POR"]
[SourceTitle "EXT 2018"]
[Source "ChessBase"]
[SourceDate "2017.10.13"]
[SourceVersion "1"]
[SourceVersionDate "2017.10.13"]
[SourceQuality "1"]

1. d4 d5 2. c4 e6 3. Nc3 Nf6 4. Bg5 Nbd7 5. cxd5 exd5 6. Nf3 c6 7. e3 Qa5 8. Nd2 Bb4 9. Qb3 0-0 10. a3 Bd6 11. Rc1 Re8 12. Be2 a6 13. Qa2 Qc7 14. h3 h6 15. Bxf6 Nxf6 16. b4 Qe7 17. Nb3 Bf5 18. 0-0 Nh7 19. Rfe1 Qg5 20. Kh1 Re6 21. Bf3 Rg6 22. Nd2 Qh4 23. Nf1 Bxh3 24. Kg1 Ng5 25. Qe2 Nxf3+ 26. Qxf3 Bg4 27. g3 Bxf3 0-1

[Event "Lisbon Cup 26th"]
[Site "Lisbon"]
[Date "2015.03.01"]
[Round "3"]
[White "Lages, Duarte"]
[Black "Sousa, Manuel Filipe Masca"]
[Result "1-0"]
[WhiteElo "1805"]
[BlackElo "1275"]
[PlyCount "55"]
[EventDate "2015.01.18"]
[EventType "swiss"]
[EventRounds "7"]
[EventCountry "POR"]
[SourceTitle "EXT 2017"]
[Source "ChessBase"]
[SourceDate "2016.10.25"]
[SourceVersion "1"]
[SourceVersionDate "2016.10.25"]
[SourceQuality "1"]

1. d4 d5 2. c4 dxc4 3. Nf3 Nf6 4. e3 Be6 5. Nc3 Nc6 6. e4 Bg4 7. Be3 e6 8. Bxc4 Bb4 9. Bd3 Nxd4 10. Bxd4 Qxd4 11. Bb5+ Qd7 12. Bxd7+ Nxd7 13. 0-0 Rd8 14. Rc1 Ne5 15. Qa4+ Nc6 16. Ne5 Bh5 17. Nxc6 bxc6 18. Qxb4 e5 19. Qc5 f6 20. Qxc6+ Kf7 21. Nd5 Rhf8 22. Qxc7+ Kg8 23. Ne7+ Kh8 24. Nf5 Bf7 25. Rfd1 Rc8 26. Qxf7 Rxf7 27. Rxc8+ Rf8 28. Rxf8# 1-0

[Event "Lisbon-ch"]
[Site "Lisbon"]
[Date "2015.02.02"]
[Round "3"]
[White "Lages, Duarte"]
[Black "Garcia, Antonio Manuel"]
[Result "1/2-1/2"]
[WhiteElo "1775"]
[BlackElo "1919"]
[PlyCount "33"]
[EventDate "2015.01.27"]
[EventType "swiss"]
[EventRounds "7"]
[EventCountry "POR"]
[SourceTitle "CBM 164 Extra"]
[Source "ChessBase"]
[SourceDate "2015.03.02"]
[SourceVersion "1"]
[SourceVersionDate "2015.03.02"]
[SourceQuality "1"]

1. d4 d5 2. c4 c6 3. Nf3 Nf6 4. Nc3 e6 5. Bg5 Nbd7 6. e3 Qa5 7. Qc2 Ne4 8. cxd5 exd5 9. Bd3 Nxc3 10. bxc3 h6 11. Bh4 Bd6 12. e4 dxe4 13. Bxe4 0-0 14. 0-0 Qh5 15. Bg3 Bxg3 16. hxg3 Nf6 17. Ne5 1/2-1/2

[Event "Lisbon Honra-B"]
[Site "Lisbon"]
[Date "2014.06.10"]
[Round "5"]
[White "Alves, Fernando Pereira"]
[Black "Lages, Duarte"]
[Result "1/2-1/2"]
[WhiteElo "1800"]
[BlackElo "1755"]
[PlyCount "61"]
[EventDate "2014.06.08"]
[EventType "tourn"]
[EventRounds "9"]
[EventCountry "POR"]
[SourceTitle "EXT 2015"]
[Source "ChessBase"]
[SourceDate "2014.11.20"]
[SourceVersion "1"]
[SourceVersionDate "2014.11.20"]
[SourceQuality "1"]

1. e4 Nf6 2. Nc3 d5 3. e5 Ne4 4. d4 Nxc3 5. bxc3 c5 6. f4 Nc6 7. Be3 Qa5 8. Qd2 cxd4 9. cxd4 Qxd2+ 10. Kxd2 Bf5 11. Bb5 a6 12. Bxc6+ bxc6 13. Rb1 Kd8 14. Ne2 Kc7 15. Ng3 Bd7 16. Rb3 Rb8 17. Rhb1 Rxb3 18. Rxb3 g6 19. Kd3 Bh6 20. Bd2 Rb8 21. Ba5+ Kc8 22. Ne2 Rb5 23. Bb6 Bg4 24. Rxb5 axb5 25. Bc5 Kd7 26. g3 g5 27. fxg5 Bxg5 28. Nf4 h5 29. c3 h4 30. a3 hxg3 31. hxg3 1/2-1/2

[Event "Lisbon Honra-B"]
[Site "Lisbon"]
[Date "2014.06.08"]
[Round "2"]
[White "Lages, Duarte"]
[Black "Cadeirinhas, David Eduardo Lour"]
[Result "0-1"]
[WhiteElo "1755"]
[BlackElo "1877"]
[PlyCount "118"]
[EventDate "2014.06.08"]
[EventType "tourn"]
[EventRounds "9"]
[EventCountry "POR"]
[SourceTitle "EXT 2015"]
[Source "ChessBase"]
[SourceDate "2014.11.20"]
[SourceVersion "1"]
[SourceVersionDate "2014.11.20"]
[SourceQuality "1"]

1. d4 d5 2. c4 c6 3. Nf3 Nf6 4. Nc3 Nbd7 5. cxd5 Nxd5 6. e4 Nxc3 7. bxc3 e6 8. Bd3 Be7 9. 0-0 c5 10. Qc2 Qc7 11. Re1 cxd4 12. cxd4 Qxc2 13. Bxc2 0-0 14. Bf4 Nf6 15. Rad1 b6 16. d5 Bb4 17. dxe6 Bxe6 18. a4 Bxe1 19. Nxe1 Rac8 20. f3 Rfd8 21. Ra1 h6 22. Be3 Rc3 23. Kf2 Kf8 24. a5 Bb3 25. axb6 axb6 26. Ra3 Rxc2+ 27. Nxc2 Bxc2 28. Bxb6 Rb8 29. Bc5+ Ke8 30. Ra7 Bb3 31. Re7+ Kd8 32. Ra7 Be6 33. Bf8 Ne8 34. g4 Kc8 35. h4 Rb7 36. Ra6 Kc7 37. h5 Bc4 38. Ra8 Kd7 39. Kg3 Nc7 40. Ra4 Bb5 41. Ra2 Ne6 42. Ba3 Bc6 43. Rd2+ Kc8 44. Bd6 Rb3 45. Kf2 Ng5 46. Rc2 Kb7 47. Bf8 Rxf3+ 48. Ke1 Ne6 49. Bd6 Re3+ 50. Kf2 Rxe4 51. Rb2+ Kc8 52. Kg3 Re3+ 53. Kh4 Ng5 54. Bg3 Rc3 55. Rb8+ Kd7 56. Rg8 Rc1 57. Bf4 Rh1+ 58. Kg3 Rh3+ 59. Kf2 Rf3+ 0-1